European Countries By Average Height - In Order - Statistics

General Stats
  • This quiz has been taken 44 times
  • The average score is 31 of 39
Answer Stats
cm # Country % Correct
184.2 N Netherlands
100%
182.7 L Latvia
97%
183.8 E Estonia
95%
181.4 D Denmark
92%
181.9 L Lithuania
92%
180.4 F Finland
89%
180.7 C Croatia
87%
180.5 N Norway
87%
180.5 P Poland
87%
181.0 S Slovakia
87%
180.6 U Ukraine
87%
182.5 B Bosnia and Herzegovina
84%
178.2 F France
84%
182.1 I Iceland
84%
179.8 S Sweden
84%
180.1 G Germany
82%
178.2 A Austria
79%
179.0 B Belgium
79%
176.5 H Hungary
79%
180.9 S Serbia
79%
180.7 S Slovenia
79%
177.6 U United Kingdom
79%
174.1 A Albania
76%
181.2 C Czech Republic
76%
179.0 I Ireland
76%
174.5 I Italy
76%
178.0 R Romania
76%
178.8 A Andorra
74%
178.2 L Luxembourg
74%
183.3 M Montenegro
74%
174.1 P Portugal
74%
178.3 S Switzerland
74%
179.3 G Greece
71%
176.9 R Russia
71%
178.6 B Belarus
68%
175.9 B Bulgaria
68%
174.7 M Malta
68%
175.3 S Spain
68%
176.4 N North Macedonia
61%
No matching quizzes found
Score Distribution
Percent of People with Each Score
Percentile by Number Answered
Your Score History
You have not taken this quiz